000 00404nam a22001217a 4500
082 _a200 THE
100 _aAleena Arshad
_970411
245 _aTH-SOF-1683-Automated Conflicts Detection of Software Requirements using Natural Language Processing
260 _aISLAMABAD
_bNUST COLLEGE OF EME
_c2019
650 _aMS-CSE-15 MSTHESIS
_969366
700 _aSupervisor Dr. Wasi Haider Butt
_969491
942 _cCF
999 _c577391
_d577391